Disaster management through panchayati raj / (Record no. 132387)

MARC details
000 -LEADER
fixed length control field 00764nam a22002297a 4500
005 - DATE AND TIME OF LATEST TRANSACTION
control field 20170124110154.0
010 ## - LIBRARY OF CONGRESS CONTROL NUMBER
LC control number B-167449
020 ## - INTERNATIONAL STANDARD BOOK NUMBER
Terms of availability 900.00
International Standard Book Number 8180692159
035 ## - SYSTEM CONTROL NUMBER
System control number B-167449
037 ## - SOURCE OF ACQUISITION
Source of stock number/acquisition Cen Lib/Ret
040 ## - CATALOGING SOURCE
Original cataloging agency DPL
Language of cataloging EN
082 ## - DEWEY DECIMAL CLASSIFICATION NUMBER
Classification number 658.477
Item number TAO
100 ## - MAIN ENTRY--PERSONAL NAME
Personal name Taori, Kamal
9 (RLIN) 34559
245 ## - TITLE STATEMENT
Title Disaster management through panchayati raj /
Statement of responsibility, etc by Kamal Taori
260 ## - PUBLICATION, DISTRIBUTION, ETC. (IMPRINT)
Place of publication, distribution, etc New Delhi
Name of publisher, distributor, etc Concept Publishing Company
Date of publication, distribution, etc 2005
270 ## - ADDRESS
Address A/15-16, Commercial Block, Mohan Garden
City New Delhi
Postal code 110059
300 ## - PHYSICAL DESCRIPTION
Extent 542p.
Dimensions 22cm(Hb)
500 ## - GENERAL NOTE
General note Includes bibliographical references and index
650 ## - SUBJECT ADDED ENTRY--TOPICAL TERM
Topical term or geographic name as entry element Decentralization in government
9 (RLIN) 34560
650 ## - SUBJECT ADDED ENTRY--TOPICAL TERM
Topical term or geographic name as entry element Emergency management -- Planning
9 (RLIN) 34561
942 ## - ADDED ENTRY ELEMENTS (KOHA)
Source of classification or shelving scheme Dewey Decimal Classification
Koha item type English Books
Classification part 658.477
Call number suffix TAO
Holdings
Withdrawn status Lost status Damaged status Not for loan Home library Current library Date acquired Source of acquisition Cost, normal purchase price Total Checkouts Full call number Barcode Date last seen Copy number Cost, replacement price Price effective from Koha item type Source of classification or shelving scheme Collection code
        Central Library Central Library 22/07/2015 Cen Lib/Ret 900.00   658.477 TAO B-167449 22/07/2015 1 900.00 22/07/2015 English Books    
        Sarojini Nagar Sarojini Nagar 13/04/2019       658.477 TAO B-167450 13/04/2019     13/04/2019 English Books Dewey Decimal Classification Non-fiction

© Delhi Public Library
Hit Counter
free hit counter